000 04366nam a2200289Ia 4500
003 CO-CtgCURN
005 20250408174436.0
008 190723s9999 xx 000 0 und d
020 _a9586534032
040 _aCO-CtgCURN
_bspa
_ccoctgcurn
082 _a346.066
_bC231d
100 _aCantillo Vásquez, Ignacio
_eautor
_97313
245 0 _aDisolución y liquidación de sociedades comerciales /
_cIgnacio Cantillo Vásquez, María Esperanza Mojica Rodríguez
250 _a2 edición
260 _aBogotá, Colombia :
_bLegis,
_c2004
300 _a434 páginas ;
_c23 centímetros
505 _aCap.1. Conceptos básicos sobre sociedades -- Cap.2. El proceso de liquidación visto de manera general -- Cap.3. Disolución de la sociedad general de derecho -- Cap.4. Causales de disolución -- Cap.5. Posibilidades de enervar las causales de disolución -- Cap.6. Aspectos preliminares a tenerse en cuenta luego de configurarse una causal de disolución -- Cap.7. Tramites formales que se deben cumplir a partir de la ocurrencia de la causal de disolución -- Cap.8. El liquidador -- Cap.9. La desvinculación de los liquidadores en las liquidaciones privadas -- Cap.10. Funciones especificas de ls liquidadores en liquidaciones privadas -- Cap.11. Funciones especificas de los liquidadores establecidas en el articulo 238 del código de comercio y en la ley 222 de 1995 -- Cap.12. Las responsabilidades del liquidador -- Cap.13. El inventario del patrimonio social en los procesos de liquidaciones privadas y obligatorias -- Cap.14. Pago de pasivos en las liquidaciones privadas y en las obligatorias -- Cap.15. Cobro de obligaciones a cargo de los asociados en liquidaciones privadas -- Cap.16. Reservas para ate4nder el pago de obligaciones condicionales o litigiosas en liquidaciones privadas y obligatorias -- Cap.17. Cancelación de pasivo interno en liquidaciones privadas y obligatorias -- Cap.18. Cuenta final de liquidación -- Cap.19. Casos excepcionales de reactivación de sociedades que estén tramitando procesos de liquidación privada -- Cap.20. Actuaciones posteriores a la aprobación de la cuenta final de liquidación o a la declaratoria de terminación en las liquidaciones obligatorias -- Cap.21. Principios del derecho concursal -- Cap.22. Generalidades del proceso de liquidación obligatoria -- Cap.23. Apertura del proceso de liquidación obligatoria -- Cap.24. Efectos de la apertura del tramite liquidatorio -- Cap.25. Providencia por la cual se ordena la apertura de la liquidación obligatoria -- Cap.26. El embargo y el secuestro dentro del escenario de la liquidación obligatoria -- Cap.27. Presentación de créditos en los procesos de liquidaciones obligatorias -- Cap.28. Calificación y graduación de créditos en las liquidaciones obligatorias -- Cap.29. Los órganos de dirección, Administración y fiscalización durante la liquidación obligatoria -- Cap.30. La figura del liquidador en las liquidaciones obligatorias -- Cap.31.La remuneración del liquidador en las liquidaciones obligatorias -- Cap.32. Rendición de cuentas a cargo de los liquidadores -- Cap.33.La junta asesora del liquidador -- Cap.34. Avalúos de los activos en las liquidaciones obligatorias -- Cap.35. Venta de los activos sociales en las liquidaciones obligatorias -- Cap.36. Las acciones revocatorias y de simulación en las liquidaciones obligatorias -- Cap.37. Obligaciones a cargo de los socios en liquidaciones obligatorias -- Cap.38. Declaratoria de terminación de la liquidación obligatoria -- Cap.39. Responsabilidad de los administradores y socios en las liquidaciones obligatorias -- Cap.40. Concordato dentro del tramite liquidatorio -- Cap.41. Modelos de documentos relevantes en el proceso de liquidación obligatoria -- Cap.42. Modificaciones y adiciones introducidas por la ley 550 de 1999 al proceso de liquidación obligatoria.
521 _aAREA PROFESIONAL
590 _aPrograma de Derecho_18
650 _aDerecho comercial
_97314
700 _4Mojica Rodríguez, María Esperanza
_eautor
_97318
942 _cBK
_h346.066
_iC231d
_2ddc
_n0
999 _c29337
_d29337